LEADER 01581nam0 2200385 i 450 001 SUN0125634 005 20200408093252.241 010 $d0.00 017 70$2N$a9783319780429 100 $a20191127d2018 |0engc50 ba 101 $aeng 102 $aCH 105 $a|||| ||||| 200 1 $a*Polymer Synthesis Based on Triple-bond Building Blocks$fBen Zhong Tang, Rongrong Hu editors 205 $aCham : Springer, 2018 210 $aVIII$d239 p.$cill. ; 24 cm 215 $aPubblicazione in formato elettronico 410 1$1001SUN0123279$12001 $a*Topics in Current Chemistry Collections$1210 $aCham$cSpringer. 620 $aCH$dCham$3SUNL001889 676 $a621.366$cFisica applicata. Laser spettroscopia$v22 676 $a621.36$cIngegneria ottica. Ottica applicata$v22 676 $a540$cChimica generale$v22 676 $a535.2$cOttica fisica$v22 676 $a620.192$cPolimeri$v22 676 $a621.365$cFotonica$v22 702 1$aTang$b, Ben Z.$3SUNV097060 702 1$aHu$b, Rongrong$3SUNV097061 712 $aSpringer$3SUNV000178$4650 790 1$aTang, Ben Zhong$zTang, Ben Z.$3SUNV100169 801 $aIT$bSOL$c20200921$gRICA 856 4 $uhttps://link.springer.com/book/10.1007%2F978-3-319-78042-9#toc 912 $aSUN0125634 950 $aUFFICIO DI BIBLIOTECA DEL DIPARTIMENTO DI SCIENZE E TECNOLOGIE AMBIENTALI BIOLOGICHE E FARMACEUTICHE$d17CONS e-book 2112 $e17BIB2112 233 20191127 996 $aPolymer Synthesis Based on Triple-bond Building Blocks$91566680 997 $aUNICAMPANIA LEADER 02062nam 2200373 n 450 001 996396580303316 005 20221108095434.0 035 $a(CKB)4330000000331376 035 $a(EEBO)2240943372 035 $a(UnM)99871910 035 $a(EXLCZ)994330000000331376 100 $a19850905d1642 uy | 101 0 $aeng 135 $aurbn||||a|bb| 200 13$aAn ansvver to the articles against Master Calamy, Master Martiall, Master Burton, Master Peters, Master Moleigne, Master Case, M. Sedgwicke, M. Evans, &c. and many other painfull divines, who were impeached of high treason by His Majesty$b[electronic resource] $eFirst answering particularly the articles themselves, then shewing the mis-information of His Majestie by the bishops, concerning the same. Expressing the great care and vigilancy of those theologians, which they have, and doe daily undertake with great zeale, for the rooting out of popery, the confounding of Rome, and for the erecting the pious truth, and sincerity of the holy Gospel of Christ 210 $aLondon $cPrinted for William Bond, and are to be sold over against the White Horse in Grubstreet$d1642 215 $a[2], 5, [1] p 300 $aAnonymously published by Edmund Calamy. 300 $aReproduction of the original in the British Library. 330 $aeebo-0018 606 $aTreason$zEngland$vEarly works to 1800 606 $aTrials (Treason)$zEngland$y17th century$vEarly works to 1800 607 $aGreat Britain$xHistory$yCharles I, 1625-1649$vEarly works to 1800 615 0$aTreason 615 0$aTrials (Treason) 700 $aCalamy$b Edmund$f1600-1666.$01002065 801 0$bCu-RivES 801 1$bCu-RivES 801 2$bCStRLIN 801 2$bWaOLN 906 $aBOOK 912 $a996396580303316 996 $aAn ansvver to the articles against Master Calamy, Master Martiall, Master Burton, Master Peters, Master Moleigne, Master Case, M. Sedgwicke, M. Evans, &c. and many other painfull divines, who were impeached of high treason by His Majesty$92421917 997 $aUNISA